Cities in the Boise Metro Area on a Map - Statistics

General Stats
  • This quiz has been taken 83 times
  • The average score is 8 of 14
Answers on the Map
Answers color-coded by a green-red scale on the quiz's map according to % correct below.
 
Answer Stats
Population City % Correct
235,719 Boise
100%
117,745 Meridian
91%
100,308 Nampa
91%
60,068 Caldwell
77%
30,408 Eagle
73%
24,048 Kuna
63%
11,264 Star
59%
12,302 Garden City
52%
8,492 Emmett
41%
9,436 Middleton
39%
2,881 Homedale
30%
2,095 Parma
27%
1,598 Wilder
23%
3,076 Hidden Springs
20%
No matching quizzes found
Score Distribution
Percent of People with Each Score
Percentile by Number Answered
Your Score History
You have not taken this quiz